| 000 | 00396nam a22001697a 4500 | ||
|---|---|---|---|
| 005 | 20170724120947.0 | ||
| 008 | 160630b xxu||||| |||| 00| 0 eng d | ||
| 020 | _a81-85749-59-0 | ||
| 041 | _aeng | ||
| 082 | _b19447 | ||
| 100 |
_aVerma A P & mohan N _93211 |
||
| 245 | _aIndustrial Managemnet | ||
| 260 |
_bKataria and Sons _c2012 |
||
| 300 | _a379 | ||
| 650 |
_aSanthali _93877 |
||
| 942 | _cBK | ||
| 999 |
_c4861 _d4859 |
||